000
00278nam a2200121Ia 4500
008
190216s9999||||xx |||||||||||||| ||und||
100
_a
"Ganguly,Das,Dutt"
245
0
_a
College Botany
260
_b
New Central Book Agencies
300
_a
1116
650
_a
Botany
942
_c
BK
999
_c
1105
_d
1105